10 największych wsi w polsce - Statystyki

Ogólne statystyki
  • Ten quiz został rozwiązany 14 razy
  • Średni wynik to 2 z 10
Statystyki odpowiedzi
Hint Odpowiedź % Poprawnych
1 Kozy
82%
5 Jabłonna
18%
3 Pawłowice
18%
7 Raszyn
18%
4 Wola
18%
10 Józefosław
9%
2 Koziegłowy
9%
9 Luzino
9%
8 Sierakowice
9%
6 Świerklany
9%
Nie znaleziono quizów pasujących do podanych kryteriów
Rozkład punktacji
Procent ludzi z każdym wynikiem
Percentyl według liczby udzielonych odpowiedzi
Twoja historia wyników
Nie rozwiązałeś tego quizu